| 000 | 01125nam a2200241 i 4500 | ||
|---|---|---|---|
| 001 | 160871 | ||
| 003 | ES-MaACL | ||
| 005 | 20230906212138.0 | ||
| 008 | 931025s1791 sp a |||| | spa d | ||
| 100 | 1 |
_aOcampo, Florian de. _9130588 |
|
| 245 | 1 | 0 |
_aCoronica general de España / _cque recopilaba el maestro Florian de Ocampo... ; tomo I. |
| 260 |
_aEn Madrid : _ben la Oficina de don Benito Cano : _bse hallará en la libreria de Quiroga..., _c1791. |
||
| 300 |
_a[6], 60, XXIV, 459 p., [1] h. de grab. ; _c4º (22 cm) |
||
| 510 | _aPALAU, 198386. | ||
| 594 | _aObra continuada por Ambrosio de Morales. | ||
| 597 | _aSign.: [ ]3, a-g4, h2, a-c4, A-Z4, 2A-2Z4, 3A-3L4, 3M2. | ||
| 597 | _aGrab. calc.: "Antº Carnicero la invº y dibujó", "Juan Palomino la gravó", en p. \p1\s. | ||
| 597 | _aPort. con orla xil. | ||
| 597 | _aCapital xil. | ||
| 599 | _aIl. xil h. de grab.: "Jf. Ximeno la dib. y grabó", retrato del Conde de Campomanes, entre p. [2] y [3] | ||
| 651 | 4 |
_aEspaña- _xHistoria- _y...-0218, Época prerromana. _98210 |
|
| 852 |
_aES-MaACL _jR-314 -23 _z-- Enc. pasta española _x Olim: B-222-31 |
||
| 999 |
_c160871 _d160871 |
||